| 000 | 00841nam a2200217 i 4500 | ||
|---|---|---|---|
| 001 | 23688 | ||
| 003 | ES-MaACL | ||
| 005 | 20231224062911.0 | ||
| 007 | t| | ||
| 008 | 021212s1861 sp ||||1| spa d | ||
| 100 | 1 |
_aAmador de los Ríos, José, _d1818-1878 _921088 |
|
| 245 | 1 | 3 |
_aEl arte latino-bizantino en España y las coronas visigodas de Guarrazar _b: ensayo histórico-crítico / _cpor José Amador de los Ríos. |
| 260 |
_aMadrid : _b[s.n.], _c1861 ( _fImp. Nacional) |
||
| 300 |
_a174 p., 6 h. de lám. ; _c30 cm. |
||
| 490 | 1 | _aMemorias de la Real Academia de San Fernando | |
| 650 | 4 |
_aOrfebrería visigoda. _9163509 |
|
| 651 | 4 |
_aGuadamur- _xRestos arqueológicos visigóticos. _9150898 |
|
| 830 | 0 |
_aMemorias de la Real Academia de San Fernando _9229051 |
|
| 852 |
_aES-MaACL _jF-14523 |
||
| 999 |
_c23688 _d23688 |
||